000 00290 a2200145 4500
001 177734
020 _a
040 _cMagnum
100 _aMaia, Fatima
240 1 0 _aCriar e recrear
_lpor
245 1 0 _aCriar e recrear
362 0 _a1899
697 _aMAGNITO: IJ/POESIA
942 _cBK
999 _c177734
_d177734